Šport a reklama

Podiel domácich výrobkov a dovozu športovej obuvi na slovenskom trhu. Investície zahraničných firiem Adidas, Prolux, Puma. Výdavky na reklamu firiem ponúkajúcich športové oblečenie a obuv za r. 1996. Podiel značkovej obuvi na reklame. Podpora predaja firiem Adidas a Rosa na slovensku. Špecifiká slov...

Descripción completa

Guardado en:
Detalles Bibliográficos
Autor principal: Mazág, M.
Otros Autores: Hojová, K., Dubová, Zuzana
Formato: Capítulo de libro
Lenguaje:eslovaco
Materias:
Etiquetas: Agregar Etiqueta
Sin Etiquetas, Sea el primero en etiquetar este registro!

MARC

LEADER 00000naa a2200000 4500
001 r026285
005 20230922094443.5
041 0 |a slo 
044 |a SK 
245 1 0 |a Šport a reklama  |c M. Mazág, K. Hojová, Z. Dubová 
520 |a Podiel domácich výrobkov a dovozu športovej obuvi na slovenskom trhu. Investície zahraničných firiem Adidas, Prolux, Puma. Výdavky na reklamu firiem ponúkajúcich športové oblečenie a obuv za r. 1996. Podiel značkovej obuvi na reklame. Podpora predaja firiem Adidas a Rosa na slovensku. Špecifiká slovenského trhu z hľadiska firiem Adidas a Rosa. Šport v tlačových médiách. 
610 2 0 |a obuv 
610 2 0 |a šport 
610 2 0 |a firmy 
610 2 0 |a Adidas 
610 2 0 |a Prolux 
610 2 0 |a Puma 
610 2 0 |a reklama 
610 2 0 |a marketing 
610 2 0 |a výdavky 
610 2 0 |a 1996 
610 2 0 |a podpora predaja 
610 2 0 |a Rosa 
610 2 0 |a médiá 
610 2 0 |a Slovensko 
100 1 |a Mazág, M. 
700 1 |a Hojová, K. 
700 1 |a Dubová, Zuzana